000 00532nam a2200181Ia 4500
005 20250923144359.0
008 008 250917s9999 xx 000 0 eng d
037 _aTextual
040 _aDSWL
_beng
_cDSWL
041 _aeng
_2eng
084 _aY31:3:13:41:N3, H7
_qDSWL
100 _aFei, Hsiae Tung
_9824311
245 0 _aPeasant life in China
_cby Hsiae Tung Fei
260 _aLondon
_bKegan Paul
_c1947
300 _a300 p.
942 _cTEXL
_hY31:3:13:41:N3, H7
999 _c1438129
_d1438129